[Event "5. Aberto Vila de Marín"]
[Site "Marin ESP"]
[Date "2005.08.21"]
[Round "1.1"]
[White "Petkov, Vladimir"]
[Black "Senlle Caride, Miguel"]
[Result "1-0"]
[WhiteElo "2475"]
[BlackElo "1966"]
[PlyCount "113"]
[EventDate "2005.08.21"]
[EventType "swiss"]
[EventRounds "9"]
[EventCountry "ESP"]
[Source "lmi"]
[SourceDate "2005.08.30"]

1. d4 d5 2. c4 c6 3. Nf3 Nf6 4. Nc3 a6 5. Ne5 Bf5 6. Qb3 Ra7 7. cxd5 cxd5 8.
Bf4 e6 9. Qa4+ Nc6 10. Nxc6 bxc6 11. Qxc6+ Qd7 12. Qxd7+ Kxd7 13. a3 Rb7 14. b4
a5 15. b5 Be7 16. f3 Rc8 17. Bd2 Bc2 18. a4 Rbc7 19. Nd1 Rc4 20. e3 Rxa4 21.
Rxa4 Bxa4 22. Nb2 Bb3 23. b6 Bb4 24. Bb5+ Kd6 25. b7 Bxd2+ 26. Kxd2 Rc2+ 27.
Kd3 Kc7 28. Rb1 Rxg2 29. Kc3 Bc2 30. Rc1 Bf5 31. Ba6 Nd7 32. e4 Kb6 33. Bf1 Bh3
34. Bxg2 Bxg2 35. Rg1 Bxf3 36. Rxg7 Bxe4 37. Rxf7 Nb8 38. Na4+ Ka7 39. Nc5 Bf5
40. Rf8 h5 41. h4 Bg4 42. Kb3 Bd1+ 43. Ka3 Bc2 44. Rh8 Bd1 45. Kb2 Be2 46. Kb3
Bd1+ 47. Ka3 a4 48. Re8 Bg4 49. Kxa4 Bd1+ 50. Kb4 Bg4 51. Kc3 Bf5 52. Kd2 Bg4
53. Ke3 Bf5 54. Kf4 Bh3 55. Ke5 Bg4 56. Kd6 e5 57. Kc7 1-0

[Event "5. Aberto Vila de Marín"]
[Site "Marin ESP"]
[Date "2005.08.21"]
[Round "1.2"]
[White "Ferrol Muñiz, Miguel"]
[Black "Manolache, Marius"]
[Result "0-1"]
[WhiteElo "1950"]
[BlackElo "2462"]
[PlyCount "56"]
[EventDate "2005.08.21"]
[EventType "swiss"]
[EventRounds "9"]
[EventCountry "ESP"]
[Source "lmi"]
[SourceDate "2005.08.30"]

1. e4 c5 2. Nf3 a6 3. c4 e6 4. d4 cxd4 5. Nxd4 Nf6 6. Nc3 Qc7 7. f4 Bb4 8. Qf3
d5 9. exd5 exd5 10. Bd2 O-O 11. Nxd5 Re8+ 12. Kd1 Nxd5 13. cxd5 Bxd2 14. Kxd2
Qa5+ 15. Kc2 Nd7 16. Nb3 Qc7+ 17. Kd2 Nf6 18. Bd3 Qd6 19. h3 Nxd5 20. Rad1 Re3
21. Qf1 Rxd3+ 22. Qxd3 Qxf4+ 23. Ke1 Bg4 24. hxg4 Re8+ 25. Qe2 Qg3+ 26. Kf1
Rxe2 27. Kxe2 Nf4+ 28. Kd2 Qd3+ 0-1

[Event "5. Aberto Vila de Marín"]
[Site "Marin ESP"]
[Date "2005.08.21"]
[Round "1.4"]
[White "Gomez Gude, Miguel Angel"]
[Black "Iotov, Valentin"]
[Result "0-1"]
[WhiteElo "1942"]
[BlackElo "2447"]
[PlyCount "46"]
[EventDate "2005.08.21"]
[EventType "swiss"]
[EventRounds "9"]
[EventCountry "ESP"]
[Source "lmi"]
[SourceDate "2005.08.30"]

1. e4 c5 2. f4 Nc6 3. Nf3 g6 4. Bc4 Bg7 5. c3 e6 6. O-O Nge7 7. Na3 d5 8. exd5
exd5 9. Bb5 O-O 10. Nc2 c4 11. Bxc6 Nxc6 12. d4 cxd3 13. Qxd3 Bf5 14. Qd1 Qb6+
15. Kh1 Rfe8 16. Ncd4 Bg4 17. Qb3 Qa6 18. Bd2 Qd3 19. Rad1 Nxd4 20. cxd4 Qxb3
21. axb3 Re4 22. Rde1 Bxf3 23. Rxf3 Rxd4 0-1

[Event "5. Aberto Vila de Marín"]
[Site "Marin ESP"]
[Date "2005.08.21"]
[Round "1.7"]
[White "Garcia Castro, Pablo"]
[Black "Gonzalez Roca, Pablo"]
[Result "1-0"]
[WhiteElo "2377"]
[BlackElo "1861"]
[PlyCount "45"]
[EventDate "2005.08.21"]
[EventType "swiss"]
[EventRounds "9"]
[EventCountry "ESP"]
[Source "lmi"]
[SourceDate "2005.08.30"]

1. e4 c5 2. Nf3 Nc6 3. g3 g6 4. Bg2 Bg7 5. O-O e6 6. Re1 Nge7 7. c3 d5 8. e5 d4
9. cxd4 cxd4 10. d3 Qc7 11. Na3 O-O 12. Qe2 Rd8 13. h4 Rb8 14. Bd2 b5 15. Rac1
b4 16. Nc4 b3 17. a3 Qd7 18. h5 Bb7 19. hxg6 fxg6 20. Ng5 h6 21. Ne4 Ba8 22.
Nc5 Qc8 23. Nd6 1-0

[Event "5. Aberto Vila de Marín"]
[Site "Marin ESP"]
[Date "2005.08.21"]
[Round "1.8"]
[White "Moreira Martinez, Jose Ramon"]
[Black "Danilov, Vladimir"]
[Result "0-1"]
[WhiteElo "1855"]
[BlackElo "2363"]
[PlyCount "56"]
[EventDate "2005.08.21"]
[EventType "swiss"]
[EventRounds "9"]
[EventCountry "ESP"]
[Source "lmi"]
[SourceDate "2005.08.30"]

1. d4 d5 2. c4 e6 3. Nc3 c6 4. Nf3 dxc4 5. a4 Bb4 6. e3 b5 7. Bd2 Bb7 8. b3 a5
9. bxc4 Bxc3 10. Bxc3 b4 11. Bb2 c5 12. d5 Nf6 13. dxe6 Qxd1+ 14. Rxd1 fxe6 15.
Ne5 Ke7 16. Be2 Nbd7 17. O-O Rhd8 18. f3 Nxe5 19. Bxe5 Bc6 20. Bc7 Rxd1 21.
Rxd1 Bxa4 22. Rd2 Nd7 23. Ra2 Bb3 24. Ra1 a4 25. Bd3 e5 26. f4 Ra7 27. Bxe5
Nxe5 28. fxe5 Rd7 0-1

[Event "5. Aberto Vila de Marín"]
[Site "Marin ESP"]
[Date "2005.08.21"]
[Round "1.9"]
[White "Garcia Carbo, Marcial"]
[Black "Perez Malvido, Javier"]
[Result "1-0"]
[WhiteElo "2355"]
[BlackElo "1850"]
[PlyCount "51"]
[EventDate "2005.08.21"]
[EventType "swiss"]
[EventRounds "9"]
[EventCountry "ESP"]
[Source "lmi"]
[SourceDate "2005.08.30"]

1. e4 c5 2. Nf3 e6 3. d4 cxd4 4. Nxd4 Nf6 5. Nc3 Nc6 6. Ndb5 Bb4 7. a3 Bxc3+ 8.
Nxc3 d5 9. exd5 exd5 10. Bd3 d4 11. Ne4 Ng4 12. Bf4 Nge5 13. O-O O-O 14. Bxe5
Nxe5 15. Re1 f5 16. Nc5 Qf6 17. Qe2 Nxd3 18. Qxd3 Kh8 19. Rad1 Rd8 20. Qxd4
Qxd4 21. Rxd4 Rg8 22. Re7 b6 23. Nd3 g6 24. Ne5 f4 25. Rxf4 Bf5 26. g4 1-0

[Event "5. Aberto Vila de Marín"]
[Site "Marin ESP"]
[Date "2005.08.22"]
[Round "2.1"]
[White "Diaz Nuñez, Adolfo"]
[Black "Petkov, Vladimir"]
[Result "1/2-1/2"]
[WhiteElo "2205"]
[BlackElo "2475"]
[PlyCount "77"]
[EventDate "2005.08.21"]
[EventType "swiss"]
[EventRounds "9"]
[EventCountry "ESP"]
[Source "lmi"]
[SourceDate "2005.08.30"]

1. Nf3 Nf6 2. c4 e6 3. g3 d5 4. d4 dxc4 5. Qa4+ Nc6 6. Bg2 Nd5 7. Qxc4 Nb6 8.
Qd3 Nb4 9. Qb3 Bd7 10. Nc3 c5 11. dxc5 Bxc5 12. O-O a5 13. Ne5 a4 14. Qd1 Bc6
15. Nxc6 bxc6 16. a3 Qxd1 17. Rxd1 N4d5 18. Ne4 Be7 19. Bd2 Nc4 20. Rdc1 Nxd2
21. Nxd2 Bf6 22. Nc4 O-O 23. e4 Rab8 24. Rab1 Nb6 25. Na5 Nd7 26. Nxc6 Rxb2 27.
Rxb2 Bxb2 28. Rb1 Bxa3 29. Ra1 Bc5 30. Rxa4 e5 31. Bh3 Nb6 32. Ra5 Bd6 33. Nxe5
Re8 34. Rb5 Bc7 35. Nd7 Nxd7 36. Bxd7 Rxe4 37. Rc5 Bd6 38. Rc8+ Bf8 39. Rc2
1/2-1/2

[Event "5. Aberto Vila de Marín"]
[Site "Marin ESP"]
[Date "2005.08.22"]
[Round "2.2"]
[White "Manolache, Marius"]
[Black "Sanchez Juncal, Benito"]
[Result "1-0"]
[WhiteElo "2462"]
[BlackElo "2221"]
[PlyCount "99"]
[EventDate "2005.08.21"]
[EventType "swiss"]
[EventRounds "9"]
[EventCountry "ESP"]
[Source "lmi"]
[SourceDate "2005.08.30"]

1. d4 Nf6 2. Nf3 e6 3. c4 d5 4. Nc3 Nbd7 5. Bf4 c6 6. e3 g6 7. a3 Bg7 8. Bd6
dxc4 9. e4 Nb6 10. e5 Nfd5 11. Qd2 Nxc3 12. bxc3 Bd7 13. a4 Nc8 14. Ba3 Ne7 15.
h4 h5 16. Bxc4 b5 17. Bd3 a5 18. Bc5 Nd5 19. Ng5 Bf8 20. Ne4 Bxc5 21. Nxc5 Kf8
22. Be4 Kg7 23. Rh3 Ra7 24. Kf1 Qe7 25. Kg1 Rb8 26. Rb1 Rd8 27. Bf3 Rh8 28. Re1
Raa8 29. Rg3 Bc8 30. Rg5 Ba6 31. Be2 Qe8 32. Bd3 Bc8 33. Ne4 bxa4 34. c4 Ne7
35. Nd6 Qd8 36. Ra1 Qb6 37. c5 Qb4 38. Qf4 Nf5 39. Rb1 Rb8 40. Rxb4 axb4 41.
Nc4 Ba6 42. Bxf5 exf5 43. Nb6 b3 44. Qxf5 Rxb6 45. cxb6 Bc4 46. Qf6+ Kh7 47.
Qxh8+ Kxh8 48. b7 a3 49. e6 a2 50. Ra5 1-0

[Event "5. Aberto Vila de Marín"]
[Site "Marin ESP"]
[Date "2005.08.22"]
[Round "2.4"]
[White "Iotov, Valentin"]
[Black "Huerga Leache, Mikel"]
[Result "1/2-1/2"]
[WhiteElo "2447"]
[BlackElo "2176"]
[PlyCount "57"]
[EventDate "2005.08.21"]
[EventType "swiss"]
[EventRounds "9"]
[EventCountry "ESP"]
[Source "lmi"]
[SourceDate "2005.08.30"]

1. d4 Nf6 2. c4 e5 3. dxe5 Ng4 4. Bf4 Nc6 5. Nf3 Bb4+ 6. Nbd2 Qe7 7. a3 Ngxe5
8. Nxe5 Nxe5 9. e3 Bxd2+ 10. Qxd2 d6 11. Be2 b6 12. Qc3 f6 13. O-O Bb7 14. b4
O-O-O 15. Rfc1 g5 16. Bg3 Nd7 17. Bg4 h5 18. c5 dxc5 19. bxc5 hxg4 20. c6 Ba8
21. cxd7+ Rxd7 22. Qc4 Qe4 23. Qf1 Rhh7 24. Rc4 Qe6 25. a4 f5 26. a5 b5 27. Rc5
a6 28. Rac1 Bd5 29. Qd3 1/2-1/2

[Event "5. Aberto Vila de Marín"]
[Site "Marin ESP"]
[Date "2005.08.22"]
[Round "2.5"]
[White "Dimitrov, Vladimir"]
[Black "Carril Gonzalez, Angel"]
[Result "1-0"]
[WhiteElo "2418"]
[BlackElo "2110"]
[PlyCount "47"]
[EventDate "2005.08.21"]
[EventType "swiss"]
[EventRounds "9"]
[EventCountry "ESP"]
[Source "lmi"]
[SourceDate "2005.08.30"]

1. d4 f5 2. g3 Nf6 3. Nf3 g6 4. b4 Bg7 5. c4 a5 6. b5 c5 7. e3 d5 8. Ba3 cxd4
9. exd4 O-O 10. Nc3 f4 11. Ne5 Be6 12. Qe2 Qc8 13. Bg2 dxc4 14. O-O Ng4 15. Nd5
Re8 16. Nxe7+ Rxe7 17. Bxe7 Nxe5 18. dxe5 Bg4 19. Bd5+ Be6 20. Rfd1 Bxd5 21.
Rxd5 Nd7 22. Rad1 f3 23. Qxf3 Nxe5 24. Rxe5 1-0

[Event "5. Aberto Vila de Marín"]
[Site "Marin ESP"]
[Date "2005.08.22"]
[Round "2.6"]
[White "Vega Gomez, Francisco Borja"]
[Black "Garcia Castro, Pablo"]
[Result "0-1"]
[WhiteElo "1983"]
[BlackElo "2377"]
[PlyCount "70"]
[EventDate "2005.08.21"]
[EventType "swiss"]
[EventRounds "9"]
[EventCountry "ESP"]
[Source "lmi"]
[SourceDate "2005.08.30"]

1. e4 c6 2. d4 g6 3. Nc3 Bg7 4. Bc4 d6 5. Nf3 Nf6 6. Bb3 O-O 7. O-O b5 8. e5
Ne8 9. a4 b4 10. Ne4 Na6 11. Re1 d5 12. Ng3 Nec7 13. Be3 Rb8 14. Qd2 Bg4 15.
Ng5 f6 16. h3 Bc8 17. Nf3 Be6 18. exf6 exf6 19. Ne2 Bf7 20. Nc1 Ne6 21. Nd3 g5
22. Rad1 h6 23. g4 Qc8 24. Ba2 Re8 25. Bb1 Bf8 26. c3 bxc3 27. bxc3 Bd6 28. Nc5
Nac7 29. Nxe6 Nxe6 30. Qc2 Nf8 31. Bc1 Bg6 32. Rxe8 Qxe8 33. Rd3 Rxb1 34. Qxb1
Qe2 35. Re3 Qd1+ 0-1

[Event "5. Aberto Vila de Marín"]
[Site "Marin ESP"]
[Date "2005.08.22"]
[Round "2.7"]
[White "Danilov, Vladimir"]
[Black "Salgado Gonzalez, Julio"]
[Result "1-0"]
[WhiteElo "2363"]
[BlackElo "1985"]
[PlyCount "73"]
[EventDate "2005.08.21"]
[EventType "swiss"]
[EventRounds "9"]
[EventCountry "ESP"]
[Source "lmi"]
[SourceDate "2005.08.30"]

1. d4 d5 2. c4 dxc4 3. Nf3 a6 4. e3 Bg4 5. Bxc4 e6 6. h3 Bh5 7. Nc3 Nf6 8. a3
h6 9. O-O Nc6 10. Re1 Be7 11. g4 Bg6 12. e4 Qd7 13. d5 exd5 14. exd5 Na5 15.
Ne5 Qd8 16. Nxg6 fxg6 17. Ba2 b5 18. Qc2 Nb7 19. Qxg6+ Kf8 20. d6 Nxd6 21. Nd5
Nxd5 22. Bxd5 Rb8 23. Bf4 Qe8 24. Bxd6 Qxg6 25. Bxe7+ Ke8 26. Rad1 Qc2 27. Bb4+
Kd7 28. Bb7+ Qxd1 29. Rxd1+ Ke6 30. Bd5+ Kf6 31. Bc3+ Kg5 32. Bxg7 Rhd8 33. Be5
Rbc8 34. Kg2 Kg6 35. Be4+ Kf7 36. Rxd8 Rxd8 37. Bxc7 1-0

[Event "5. Aberto Vila de Marín"]
[Site "Marin ESP"]
[Date "2005.08.22"]
[Round "2.8"]
[White "Parente Mojon, Juan Carlos"]
[Black "Garcia Carbo, Marcial"]
[Result "0-1"]
[WhiteElo "1973"]
[BlackElo "2355"]
[PlyCount "74"]
[EventDate "2005.08.21"]
[EventType "swiss"]
[EventRounds "9"]
[EventCountry "ESP"]
[Source "lmi"]
[SourceDate "2005.08.30"]

1. Nf3 Nf6 2. d4 e6 3. Bf4 b6 4. e3 Bb7 5. Be2 Be7 6. h3 O-O 7. O-O d6 8. Nbd2
Nbd7 9. c3 h6 10. Qc2 c5 11. Rfc1 Nd5 12. Bh2 f5 13. a4 N7f6 14. a5 Qd7 15. Qb3
Bc6 16. Qa3 Ne4 17. b4 cxb4 18. cxb4 b5 19. a6 Rac8 20. Ra2 Nec3 21. Bf1 Nxa2
22. Qxa2 Nxb4 23. Qa5 Nd5 24. Rb1 Bd8 25. Qa3 b4 26. Qb2 Be7 27. Ra1 Bb5 28.
Ne1 Bxf1 29. Nxf1 Qb5 30. g4 Rc6 31. gxf5 Rxf5 32. Bg3 Nc3 33. Ng2 Ne2+ 34. Kh2
b3 35. Ra3 Nc1 36. e4 Rc2 37. Rxb3 Rxb2 0-1

[Event "5. Aberto Vila de Marín"]
[Site "Marin ESP"]
[Date "2005.08.22"]
[Round "2.9"]
[White "Astaneh Lopez, Alex"]
[Black "Guaza Garcia, Jose Alejandro"]
[Result "1-0"]
[WhiteElo "2304"]
[BlackElo "1970"]
[PlyCount "55"]
[EventDate "2005.08.21"]
[EventType "swiss"]
[EventRounds "9"]
[EventCountry "ESP"]
[Source "lmi"]
[SourceDate "2005.08.30"]

1. e4 e6 2. d4 d5 3. Nd2 dxe4 4. Nxe4 Nf6 5. Nxf6+ Qxf6 6. Nf3 Qd8 7. Be3 Be7
8. Bd3 O-O 9. c3 Nc6 10. Qc2 f5 11. Rd1 Bd6 12. O-O Qf6 13. Rfe1 b6 14. Re2 Bb7
15. Bc4 Rae8 16. Rde1 Nd8 17. d5 exd5 18. Bb3 Re4 19. Bg5 Rxe2 20. Qxe2 Qg6 21.
Qd2 c6 22. c4 Qf7 23. cxd5 cxd5 24. Bxd8 Rxd8 25. Ng5 Qc7 26. Bxd5+ Bxd5 27.
Qxd5+ Kh8 28. Nf7+ 1-0

[Event "5. Aberto Vila de Marín"]
[Site "Marin ESP"]
[Date "2005.08.22"]
[Round "2.10"]
[White "Fernandez Rey, Jorge"]
[Black "Perez Fungueiro, Manuel"]
[Result "0-1"]
[WhiteElo "1933"]
[BlackElo "2300"]
[PlyCount "54"]
[EventDate "2005.08.21"]
[EventType "swiss"]
[EventRounds "9"]
[EventCountry "ESP"]
[Source "lmi"]
[SourceDate "2005.08.30"]

1. e4 c5 2. Nf3 Nc6 3. Bc4 e6 4. Nc3 Nge7 5. d4 cxd4 6. Nxd4 Nxd4 7. Qxd4 Nc6
8. Qe3 a6 9. a3 b5 10. Be2 Be7 11. e5 Qc7 12. Bf3 Bb7 13. Bxc6 Qxc6 14. f3 O-O
15. Qf2 a5 16. Ne4 b4 17. O-O Qc7 18. Bf4 Bxe4 19. fxe4 Bc5 20. Be3 Bxe3 21.
Qxe3 Qxe5 22. b3 Rac8 23. axb4 axb4 24. Rad1 d5 25. Rd4 Rc3 26. Qd2 Rxc2 27.
Qxb4 Qg5 0-1

[Event "5. Aberto Vila de Marín"]
[Site "Marin ESP"]
[Date "2005.08.23"]
[Round "3.1"]
[White "Astaneh Lopez, Alex"]
[Black "Manolache, Marius"]
[Result "1-0"]
[WhiteElo "2304"]
[BlackElo "2462"]
[PlyCount "141"]
[EventDate "2005.08.21"]
[EventType "swiss"]
[EventRounds "9"]
[EventCountry "ESP"]
[Source "lmi"]
[SourceDate "2005.08.30"]

1. e4 c5 2. Nf3 e6 3. d4 cxd4 4. Nxd4 a6 5. Bd3 d6 6. c4 Nd7 7. O-O Ngf6 8. Nc3
Be7 9. Be3 Qc7 10. Rc1 O-O 11. f4 Re8 12. g4 Nc5 13. Bb1 g6 14. e5 dxe5 15.
fxe5 Nfd7 16. b4 Qxe5 17. Qf3 Qg7 18. bxc5 Bxc5 19. Nc2 Ne5 20. Qe2 Bxe3+ 21.
Nxe3 f5 22. Qg2 Bd7 23. gxf5 gxf5 24. Qxg7+ Kxg7 25. Ne2 Kf6 26. Be4 Rg8+ 27.
Kh1 Rab8 28. Bg2 h5 29. Nf4 h4 30. Rcd1 Rgc8 31. h3 b5 32. Ng4+ fxg4 33. Nd3+
Nf3 34. hxg4 Ke7 35. Bxf3 bxc4 36. Ne5 Be8 37. Be4 Rc5 38. Ng6+ Bxg6 39. Bxg6
Rd5 40. Rb1 Rdb5 41. Rbe1 R8b6 42. Re2 Rg5 43. Bf5 Kd7 44. Rd1+ Kc7 45. Bxe6
Rc5 46. Rc1 c3 47. Bb3 Rg6 48. Re4 Kb6 49. Kg2 Rd6 50. Re6 Rxe6 51. Bxe6 Kb5
52. Kh3 Re5 53. Bf7 Re7 54. Rxc3 Rxf7 55. Kxh4 Rh7+ 56. Kg5 Rh2 57. a3 a5 58.
Kf4 Rf2+ 59. Rf3 Rg2 60. g5 Kc5 61. Kf5 Kd6 62. Kf6 Re2 63. Rd3+ Kc5 64. g6
Rf2+ 65. Ke7 Rg2 66. Kf7 Rf2+ 67. Kg8 a4 68. g7 Rb2 69. Rf3 Rb3 70. Rf5+ Kd6
71. Rf2 1-0

[Event "5. Aberto Vila de Marín"]
[Site "Marin ESP"]
[Date "2005.08.23"]
[Round "3.2"]
[White "Hernandez, Holden"]
[Black "Sande Edreira, Jose"]
[Result "1/2-1/2"]
[WhiteElo "2458"]
[BlackElo "2264"]
[PlyCount "123"]
[EventDate "2005.08.21"]
[EventType "swiss"]
[EventRounds "9"]
[EventCountry "ESP"]
[Source "lmi"]
[SourceDate "2005.08.30"]

1. e4 c5 2. Nf3 g6 3. d4 cxd4 4. Nxd4 Bg7 5. Nc3 Nc6 6. Be3 Nf6 7. Bc4 Qa5 8.
O-O O-O 9. Nd5 Nxd5 10. exd5 Nxd4 11. Bxd4 Bxd4 12. Qxd4 b5 13. Bb3 Qb6 14.
Qxb6 axb6 15. Rfe1 Re8 16. Re4 Bb7 17. f3 Kf8 18. Rd1 Rec8 19. c3 Rc5 20. a3
Rac8 21. Kf2 h5 22. h4 e6 23. g4 hxg4 24. fxg4 Bxd5 25. Bxd5 Rxd5 26. Rxd5 exd5
27. Rd4 Rc5 28. Kf3 Ke7 29. Ke3 Ke6 30. Rf4 f6 31. Rb4 g5 32. h5 f5 33. gxf5+
Kxf5 34. Kf3 d6 35. Rd4 Ke5 36. Kg4 Kf6 37. h6 Kg6 38. h7 Kxh7 39. Kxg5 Kg7 40.
Kf4 Kf6 41. Ke3 Ke6 42. Rb4 Kd7 43. Kd3 Kc6 44. Rd4 Rc4 45. b3 Rc5 46. Rh4 Kb7
47. Rh6 Kc7 48. Kd4 Kd7 49. Rh7+ Kc8 50. Rg7 Kb8 51. Rg5 Kc7 52. Rh5 Kb7 53.
Rh3 Ka6 54. Rh8 Kb7 55. Rf8 Rc7 56. Rf6 Kc6 57. Re6 Ra7 58. Rh6 Rxa3 59. b4 Ra1
60. Kd3 Rd1+ 61. Kc2 Re1 62. Kb3 1/2-1/2

[Event "5. Aberto Vila de Marín"]
[Site "Marin ESP"]
[Date "2005.08.23"]
[Round "3.3"]
[White "Perez Fungueiro, Manuel"]
[Black "Dimitrov, Vladimir"]
[Result "1/2-1/2"]
[WhiteElo "2300"]
[BlackElo "2418"]
[PlyCount "64"]
[EventDate "2005.08.21"]
[EventType "swiss"]
[EventRounds "9"]
[EventCountry "ESP"]
[Source "lmi"]
[SourceDate "2005.08.30"]

1. c4 c5 2. g3 Nc6 3. Bg2 g6 4. Nc3 Bg7 5. a3 b6 6. e3 Bb7 7. Nge2 Nh6 8. d3
Nf5 9. Rb1 d6 10. b4 Qd7 11. O-O O-O 12. b5 Nd8 13. e4 Nd4 14. Nxd4 cxd4 15.
Ne2 e5 16. a4 f5 17. a5 Rc8 18. f3 Ne6 19. Ra1 Rf7 20. axb6 axb6 21. Ra7 Rcf8
22. exf5 gxf5 23. f4 Qc8 24. Bxb7 Rxb7 25. Rxb7 Qxb7 26. Ba3 Nc5 27. Bxc5 bxc5
28. fxe5 dxe5 29. Qd2 Rf6 30. Qg5 Qf7 31. g4 h6 32. Qh5 Qxh5 1/2-1/2

[Event "5. Aberto Vila de Marín"]
[Site "Marin ESP"]
[Date "2005.08.23"]
[Round "3.4"]
[White "Garcia Castro, Pablo"]
[Black "Rodriguez Lopez, Rafael"]
[Result "1/2-1/2"]
[WhiteElo "2377"]
[BlackElo "2230"]
[PlyCount "105"]
[EventDate "2005.08.21"]
[EventType "swiss"]
[EventRounds "9"]
[EventCountry "ESP"]
[Source "lmi"]
[SourceDate "2005.08.30"]

1. e4 e5 2. Nf3 Nc6 3. d4 exd4 4. Bc4 Bc5 5. O-O d6 6. h3 h6 7. c3 dxc3 8. Qb3
Qd7 9. Qxc3 Nf6 10. e5 dxe5 11. Bxf7+ Kxf7 12. Qxc5 Qd6 13. Qc2 Nd4 14. Nxd4
exd4 15. Rd1 Be6 16. b4 Rhd8 17. a3 b6 18. Nd2 c5 19. bxc5 bxc5 20. Ne4 Nxe4
21. Qxe4 Kg8 22. Bf4 Qd5 23. Qg6 Bf5 24. Qg3 Kh7 25. Rac1 Rac8 26. Be5 Qd7 27.
Rc4 Be6 28. Rc2 Qf7 29. Rcd2 Rd7 30. Rc1 Rd5 31. Re1 Bf5 32. f4 Qd7 33. Qh4 Re8
34. g4 Bg6 35. Rc1 Rdxe5 36. fxe5 Rxe5 37. Re1 Qe6 38. Rxe5 Qxe5 39. Qf2 d3 40.
h4 c4 41. h5 Be4 42. Qe3 Qa1+ 43. Kf2 Qh1 44. Kg3 Bd5 45. Kf4 Qa1 46. Kg3 Qxa3
47. Qe5 Qc5 48. Rf2 a5 49. g5 hxg5 50. h6 Kxh6 51. Rh2+ Kg6 52. Rf2 Kh6 53.
Rh2+ 1/2-1/2

[Event "5. Aberto Vila de Marín"]
[Site "Marin ESP"]
[Date "2005.08.23"]
[Round "3.5"]
[White "Sanchez Aller, Fernando"]
[Black "Danilov, Vladimir"]
[Result "1/2-1/2"]
[WhiteElo "2261"]
[BlackElo "2363"]
[PlyCount "102"]
[EventDate "2005.08.21"]
[EventType "swiss"]
[EventRounds "9"]
[EventCountry "ESP"]
[Source "lmi"]
[SourceDate "2005.08.30"]

1. e4 e5 2. Nf3 Nc6 3. Bb5 Nf6 4. O-O Nxe4 5. d4 Be7 6. dxe5 O-O 7. Qd5 Nc5 8.
Be3 Ne6 9. Nc3 a6 10. Ba4 Qe8 11. Rad1 f6 12. Bb3 Kh8 13. Rfe1 fxe5 14. Nxe5
Nxe5 15. Qxe5 Bf6 16. Qg3 Bxc3 17. bxc3 Qg6 18. Bxe6 Qxg3 19. hxg3 dxe6 20. Bf4
b5 21. Bxc7 Ra7 22. Be5 Kg8 23. Rd4 Bb7 24. Rd7 Rf7 25. Rd8+ Rf8 26. Rxf8+ Kxf8
27. Bd4 Ra8 28. Rxe6 Bd5 29. Rd6 Bxa2 30. Rd7 Bf7 31. Bc5+ Kg8 32. Bb6 h5 33.
Ba5 Bg6 34. Rd2 Ra7 35. f3 Bf5 36. Rd5 g6 37. Rd8+ Kf7 38. Rb8 Bxc2 39. Bb6 Rd7
40. Ra8 Bd3 41. Kf2 Rd6 42. Bd4 Ke6 43. Bc5 Rc6 44. Ke3 Kd5 45. Bb4 Kc4 46. Rd8
Bf5 47. Rd4+ Kb3 48. Ba5 Kb2 49. Rd2+ Kb3 50. Rd4 Kc2 51. Rd2+ Kb3 1/2-1/2

[Event "5. Aberto Vila de Marín"]
[Site "Marin ESP"]
[Date "2005.08.23"]
[Round "3.6"]
[White "Petkov, Vladimir"]
[Black "Quidiello Prado, Manuel R"]
[Result "1-0"]
[WhiteElo "2475"]
[BlackElo "2149"]
[PlyCount "67"]
[EventDate "2005.08.21"]
[EventType "swiss"]
[EventRounds "9"]
[EventCountry "ESP"]
[Source "lmi"]
[SourceDate "2005.08.30"]

1. d4 d5 2. c4 c6 3. Nf3 Nf6 4. Nc3 a6 5. c5 Nbd7 6. Bf4 Nh5 7. Bd2 Nhf6 8. h3
Qc7 9. e4 Nxe4 10. Nxe4 dxe4 11. Ng5 Nf6 12. Qb3 e6 13. Qe3 g6 14. Nxe4 Nxe4
15. Qxe4 Bg7 16. O-O-O O-O 17. h4 e5 18. h5 Qe7 19. hxg6 hxg6 20. f4 Bf5 21.
Qe3 Qe6 22. fxe5 Qxa2 23. Bd3 Bxd3 24. Qxd3 Rfd8 25. Bc3 Qe6 26. Qg3 Rd5 27.
Rdf1 Rad8 28. Rf4 b6 29. cxb6 c5 30. Qh4 Qxb6 31. Qh7+ Kf8 32. Rxf7+ Kxf7 33.
Rf1+ Ke8 34. Qxg7 1-0

[Event "5. Aberto Vila de Marín"]
[Site "Marin ESP"]
[Date "2005.08.23"]
[Round "3.7"]
[White "Barreiro Piñeiro, Jose"]
[Black "Iotov, Valentin"]
[Result "0-1"]
[WhiteElo "1986"]
[BlackElo "2447"]
[PlyCount "78"]
[EventDate "2005.08.21"]
[EventType "swiss"]
[EventRounds "9"]
[EventCountry "ESP"]
[Source "lmi"]
[SourceDate "2005.08.30"]

1. c4 c5 2. g3 Nc6 3. Bg2 g6 4. Nf3 Bg7 5. O-O d6 6. Nc3 Nh6 7. e4 O-O 8. d3 f5
9. Ng5 Nf7 10. exf5 Nxg5 11. Bxg5 Rxf5 12. Qd2 Qf8 13. Rae1 e6 14. Be3 Ne5 15.
f4 Ng4 16. Kh1 Rh5 17. Bg1 Bd4 18. h3 Bd7 19. Bxd4 cxd4 20. Nd1 Qh6 21. Kg1
Rxh3 22. Bxh3 Bc6 23. Re4 Qxh3 24. Qg2 Qxg2+ 25. Kxg2 Bxe4+ 26. dxe4 Rc8 27. b3
b5 28. Kh3 h5 29. Nb2 Ne3 30. Rc1 Kg7 31. e5 dxe5 32. fxe5 bxc4 33. bxc4 Rc5
34. Nd3 Rxc4 35. Rxc4 Nxc4 36. g4 Kh6 37. Kh4 g5+ 38. Kg3 hxg4 39. Kxg4 Kg6 0-1

[Event "5. Aberto Vila de Marín"]
[Site "Marin ESP"]
[Date "2005.08.23"]
[Round "3.8"]
[White "Huerga Leache, Mikel"]
[Black "Diaz Nuñez, Adolfo"]
[Result "0-1"]
[WhiteElo "2176"]
[BlackElo "2205"]
[PlyCount "58"]
[EventDate "2005.08.21"]
[EventType "swiss"]
[EventRounds "9"]
[EventCountry "ESP"]
[Source "lmi"]
[SourceDate "2005.08.30"]

1. e4 c6 2. Nc3 d5 3. Qf3 dxe4 4. Nxe4 Nd7 5. d4 Ngf6 6. Bc4 e6 7. Bg5 Be7 8.
O-O-O Nb6 9. Bd3 Nbd5 10. c4 Nb4 11. Bb1 Nxe4 12. Bxe7 Qxe7 13. Qxe4 c5 14. Nf3
cxd4 15. Qxd4 f6 16. Qe4 e5 17. Rhe1 Be6 18. Nxe5 fxe5 19. Qxe5 Kf7 20. Bf5
Qg5+ 21. Re3 Nxa2+ 22. Kd2 Rhd8+ 23. Ke2 Bxf5 24. Rxd8 Rxd8 25. Ke1 Qf6 26.
Qc7+ Kg8 27. Re7 Rf8 28. f3 Bg6 29. Qxb7 Qxe7+ 0-1

[Event "5. Aberto Vila de Marín"]
[Site "Marin ESP"]
[Date "2005.08.23"]
[Round "3.9"]
[White "Nanu, Ciprian"]
[Black "Ferrol Muñiz, Miguel"]
[Result "1-0"]
[WhiteElo "2434"]
[BlackElo "1950"]
[PlyCount "57"]
[EventDate "2005.08.21"]
[EventType "swiss"]
[EventRounds "9"]
[EventCountry "ESP"]
[Source "lmi"]
[SourceDate "2005.08.30"]

1. d4 d5 2. Nf3 Nf6 3. Bg5 Bf5 4. Bxf6 exf6 5. e3 c6 6. Be2 Nd7 7. O-O Bd6 8.
c4 dxc4 9. Bxc4 b5 10. Bd3 Bxd3 11. Qxd3 a6 12. Qe4+ Qe7 13. Qxc6 O-O 14. Nc3
Rfc8 15. Qe4 Qxe4 16. Nxe4 Bf8 17. Rfc1 f5 18. Ned2 Nb6 19. Ne5 Rxc1+ 20. Rxc1
Rc8 21. Rxc8 Nxc8 22. Kf1 Nb6 23. Ke2 Bb4 24. Nb3 Bd6 25. Nd3 Nc4 26. Nbc5 a5
27. a4 b4 28. b3 Bxc5 29. dxc5 1-0